[Event "NK-E Algemeen 2010"]
[Site "?"]
[Date "2010.04.02"]
[Round "4.1"]
[White "Slomczewski, Michal"]
[Black "Kazarian, Anna Maja"]
[Result "0-1"]
[WhiteElo "1404"]
[BlackElo "1540"]
[PlyCount "128"]
[EventDate "2010.??.??"]

1. e4 c5 2. Nf3 Nc6 3. Bb5 g6 4. Bxc6 bxc6 5. O-O Bg7 6. c3 d5 7. d3 e6 8. c4
dxc4 9. dxc4 Qxd1 10. Rxd1 Ne7 11. Nc3 Ba6 12. Be3 Bxc4 13. Bxc5 h5 14. Bxe7
Kxe7 15. Rac1 Rad8 16. Rxd8 Rxd8 17. h3 Bh6 18. Ra1 Bg7 19. Rc1 Ba6 20. b3 Rd3
21. Na4 Bb5 22. Nc5 Rc3 23. Rxc3 Bxc3 24. a4 Be2 25. b4 Bxb4 26. Nd4 Bxc5 27.
Nxe2 a5 28. Kf1 Bb4 29. Nd4 c5 30. Nc2 Kd6 31. f4 c4 32. Ke2 e5 33. g3 exf4 34.
gxf4 Bc5 35. Kd2 Bg1 36. Kc3 Kc5 37. f5 gxf5 38. exf5 Bh2 39. Ne3 Be5+ 40. Kc2
Kb4 41. Kb1 c3 42. Kc2 Kxa4 43. Nd5 Kb5 44. Nxc3+ Bxc3 45. Kxc3 Kc5 46. Kb3 Kd5
47. Ka4 Ke5 48. Kxa5 Kxf5 49. Kb4 Ke4 50. Kc3 Ke3 51. Kc2 Ke2 52. Kc3 f5 53.
Kd4 f4 54. Ke4 f3 55. Kf4 f2 56. Kg5 f1=Q 57. Kxh5 Qxh3+ 58. Kg6 Qe6+ 59. Kh7
Kf3 60. Kh8 Qe7 61. Kg8 Kg4 62. Kh8 Kg5 63. Kg8 Kg6 64. Kh8 Qf8# 0-1

[Event "NK-E Algemeen 2010"]
[Site "?"]
[Date "2010.04.02"]
[Round "4.2"]
[White "Dijkhuis, Sven"]
[Black "Bekkink, Joey"]
[Result "1-0"]
[WhiteElo "1426"]
[BlackElo "1144"]
[PlyCount "101"]
[EventDate "2010.??.??"]

1. e4 c5 2. Nf3 d6 3. d4 cxd4 4. Nxd4 Nf6 5. Nc3 Nbd7 6. Be3 a6 7. Bc4 g6 8.
Qd2 Ng4 9. O-O-O Nxe3 10. Qxe3 Bg7 11. f4 Qc7 12. Bb3 b5 13. Nd5 Qc5 14. f5 a5
15. Qc3 Qxc3 16. bxc3 O-O 17. Nxe7+ Kh8 18. Nxc8 Raxc8 19. Nxb5 Bh6+ 20. Kb1
Rb8 21. a4 Nc5 22. Rxd6 Nxe4 23. Rd4 Nd2+ 24. Ka2 Nxb3 25. cxb3 gxf5 26. g3
Rfd8 27. Rf1 Rxd4 28. Nxd4 Rc8 29. Rxf5 Rxc3 30. Rxa5 Rd3 31. Nf5 Rd2+ 32. Ka3
Bf8+ 33. b4 Rd3+ 34. Kb2 Rd2+ 35. Kc3 h6 36. Ra8 Kh7 37. Kxd2 Bxb4+ 38. Kd3 Bc5
39. a5 Kg6 40. Nd4 Kf6 41. a6 Ke7 42. a7 Bxa7 43. Rxa7+ Kf6 44. Ke4 Kg5 45. Ra6
Kg4 46. Rxh6 Kg5 47. Rd6 Kg4 48. Rf6 Kh3 49. Rxf7 Kxh2 50. Kf3 Kh1 51. Kf2 1-0

[Event "NK-E Algemeen 2010"]
[Site "?"]
[Date "2010.04.02"]
[Round "4.3"]
[White "Kuiper, Adrian"]
[Black "Baselmans, Luuk"]
[Result "1/2-1/2"]
[WhiteElo "1203"]
[BlackElo "1329"]
[PlyCount "39"]
[EventDate "2010.??.??"]

1. e4 e5 2. Nf3 Nc6 3. Bb5 Nf6 4. Nc3 a6 5. Bxc6 dxc6 6. Nxe5 Qd4 7. Nf3 Qd8 8.
d3 Bb4 9. Bd2 O-O 10. h3 Be6 11. O-O Qd7 12. Ng5 h6 13. Nxe6 Qxe6 14. a3 Bxc3
15. Bxc3 Rad8 16. Bxf6 Qxf6 17. Qe2 Qxb2 18. Rab1 Qxa3 19. Rxb7 Qd6 20. Rbb1
1/2-1/2

[Event "NK-E Algemeen 2010"]
[Site "?"]
[Date "2010.04.02"]
[Round "4.5"]
[White "Klein, Jorik"]
[Black "Bosma, Jan"]
[Result "0-1"]
[WhiteElo "1144"]
[BlackElo "1051"]
[PlyCount "104"]
[EventDate "2010.??.??"]

1. e4 c5 2. Nc3 Nc6 3. Nf3 d6 4. Bc4 Nf6 5. Ng5 e6 6. Nf3 Nxe4 7. Nxe4 d5 8.
Bxd5 exd5 9. Nc3 Qe7+ 10. Ne2 Bg4 11. Nfg1 Nd4 12. f3 Bf5 13. d3 c4 14. Bf4
cxd3 15. cxd3 Qb4+ 16. Bd2 Qxb2 17. Qa4+ Nc6 18. Bc3 Bb4 19. Qb3 Bxc3+ 20. Qxc3
Qxc3+ 21. Nxc3 Nb4 22. O-O-O Nxd3+ 23. Kd2 Nf2 24. Nxd5 Nxd1 25. Nc7+ Ke7 26.
Nxa8 Nf2 27. Nc7 Nxh1 28. Nd5+ Kd6 29. Ne3 Rd8 30. Nxf5+ Ke5+ 31. Ke1 Kxf5 32.
g4+ Kf4 33. Nh3+ Kxf3 34. a4 Kxg4 35. Ng1 Rc8 36. h3+ Kf5 37. Nf3 Rc1+ 38. Kd2
Ra1 39. h4 Ra2+ 40. Ke1 Rxa4 41. h5 Ra1+ 42. Kd2 Ra2+ 43. Ke1 a5 44. Nd2 Rxd2
45. Kxd2 g5 46. h6 a4 47. Kc2 g4 48. Kc1 g3 49. Kb1 g2 50. Ka1 g1=Q+ 51. Ka2
Qb6 52. Ka3 Qb3# 0-1

[Event "NK-E Algemeen 2010"]
[Site "?"]
[Date "2010.04.02"]
[Round "4.6"]
[White "Martens, Vincent"]
[Black "Bhattacharjee, Sourav"]
[Result "0-1"]
[WhiteElo "1005"]
[BlackElo "1562"]
[PlyCount "116"]
[EventDate "2010.??.??"]

1. e4 e5 2. Nf3 Nc6 3. d4 exd4 4. Nxd4 Bc5 5. Be3 Bxd4 6. Bxd4 Nf6 7. Nc3 d6 8.
Bc4 O-O 9. O-O Be6 10. Bxe6 fxe6 11. f4 Qe7 12. Re1 e5 13. fxe5 Nxe5 14. b3
Rae8 15. a4 Qd7 16. Bxe5 Rxe5 17. Qd2 Rfe8 18. Qd3 Qc6 19. Qd4 Qb6 20. Qxb6
axb6 21. g3 Nxe4 22. Nxe4 Rxe4 23. Rxe4 Rxe4 24. Kf2 Kf7 25. Re1 Rxe1 26. Kxe1
Ke6 27. Ke2 Ke5 28. Ke3 g5 29. g4 h6 30. c4 c5 31. h3 d5 32. cxd5 Kxd5 33. Kd3
b5 34. axb5 b6 35. Ke3 c4 36. bxc4+ Kxc4 37. Kd2 Kxb5 38. Kc1 Kc4 39. Kb1 Kd3
40. Kb2 Ke3 41. Kb3 Kf3 42. Kb4 Kg3 43. Kb5 Kxh3 44. Kxb6 Kxg4 45. Kc5 Kf3 46.
Kd5 g4 47. Ke5 g3 48. Kf5 g2 49. Ke5 g1=Q 50. Ke6 Qc5 51. Kf6 Qd5 52. Kg6 Kf4
53. Kf6 Qe5+ 54. Kg6 Qf5+ 55. Kxh6 Qg5+ 56. Kh7 Kf5 57. Kh8 Kf6 58. Kh7 Qg7#
0-1

[Event "NK-E Algemeen 2010"]
[Site "?"]
[Date "2010.04.02"]
[Round "4.7"]
[White "Wolvers, Stephan"]
[Black "Schalij, Ties"]
[Result "1/2-1/2"]
[WhiteElo "1024"]
[BlackElo "1240"]
[PlyCount "48"]
[EventDate "2010.??.??"]

1. e4 e5 2. d4 f6 3. Nf3 Nc6 4. d5 Nce7 5. Nc3 Ng6 6. Be3 Bb4 7. Qd2 d6 8. a3
Ba5 9. Bc4 Bg4 10. b4 Bb6 11. Bxb6 cxb6 12. Qe2 Qc7 13. h3 Bxf3 14. gxf3 O-O-O
15. O-O-O a6 16. a4 Nf4 17. Qf1 Kb8 18. b5 axb5 19. Nxb5 Qc5 20. c3 Rc8 21. Bb3
Qb4 22. Kb2 Qc5 23. Rg1 g5 24. Rg3 Ne7 1/2-1/2

[Event "NK-E Algemeen 2010"]
[Site "?"]
[Date "2010.04.02"]
[Round "4.8"]
[White "Kevlishvili, Robby"]
[Black "Nguyen, Sang"]
[Result "1-0"]
[WhiteElo "1559"]
[BlackElo "1255"]
[PlyCount "104"]
[EventDate "2010.??.??"]

1. e4 e5 2. Nf3 Nc6 3. Bc4 Bc5 4. c3 d6 5. d4 exd4 6. cxd4 Bb4+ 7. Nc3 Bg4 8.
Be3 Nf6 9. h3 Bh5 10. Qc2 Bg6 11. Bd3 Qe7 12. Nd2 d5 13. e5 Bxd3 14. Qxd3 Nd7
15. Nxd5 Qd8 16. O-O O-O 17. a3 Bxd2 18. Bxd2 Nb6 19. Nf6+ gxf6 20. Bh6 Nxe5
21. Qg3+ Ng6 22. Bxf8 Kxf8 23. Rad1 Nc4 24. Qc3 Nb6 25. Rfe1 c6 26. Qc1 Kg7 27.
Rd3 Rc8 28. Red1 Qd5 29. Rg3 c5 30. Qf4 Qh5 31. Rdd3 Kh8 32. Qxf6+ Kg8 33. Rdf3
Rc7 34. Qd8+ Kg7 35. Qxc7 Qd5 36. Qxc5 Qxc5 37. dxc5 Na4 38. b4 Kf8 39. Rg5 a6
40. c6 bxc6 41. Ra5 Nb2 42. Rxa6 Nc4 43. Rxc6 Nce5 44. Rc8+ Ke7 45. Re3 Kf6 46.
b5 Nd7 47. Rc7 Nb6 48. Rc6+ Kg7 49. Rxb6 Nf4 50. Rg3+ Kf8 51. Rc6 Nd5 52. Rd3
Nf6 1-0

[Event "NK-E Algemeen 2010"]
[Site "?"]
[Date "2010.04.02"]
[Round "4.9"]
[White "Steunenberg, Renso"]
[Black "Harten, Lucas van"]
[Result "0-1"]
[WhiteElo "822"]
[BlackElo "1068"]
[PlyCount "104"]
[EventDate "2010.??.??"]

1. e4 c5 2. Bc4 d6 3. Nc3 Nc6 4. Nf3 Nf6 5. d3 Bg4 6. h3 Bh5 7. Bg5 e6 8. Qd2
Be7 9. g4 Bg6 10. O-O-O h6 11. Bxf6 Bxf6 12. h4 Nd4 13. Nxd4 cxd4 14. Nb5 a6
15. Na3 Qc7 16. h5 Bg5 17. f4 d5 18. exd5 Bxf4 19. hxg6 Bxd2+ 20. Rxd2 fxg6 21.
g5 b5 22. Bb3 Qb7 23. gxh6 gxh6 24. Rdh2 h5 25. dxe6 a5 26. c3 Rc8 27. Rc2 a4
28. Nxb5 Qxb5 29. Bc4 Qb7 30. Rg1 Rh6 31. Rcg2 Qg7 32. Bb5+ Ke7 33. Bd7 Rc7 34.
Rf1 Qg8 35. Rf7+ Kd6 36. Rgf2 Rh8 37. e7 Rxd7 38. Rf8 Rxe7 39. R2f6+ Re6 40.
Rxg8 Rxg8 41. Rf4 g5 42. Rxd4+ Ke5 43. b4 g4 44. Re4+ Kd6 45. Rd4+ Ke7 46. Rf4
g3 47. Rf1 g2 48. Rg1 Rf6 49. b5 Rf1+ 50. Rxf1 gxf1=Q+ 51. Kd2 Qf2+ 52. Kd1
Rg1# 0-1

[Event "NK-E Algemeen 2010"]
[Site "?"]
[Date "2010.04.02"]
[Round "4.10"]
[White "Rekveld, Bram"]
[Black "Seyed Mehdi, Dominick"]
[Result "0-1"]
[WhiteElo "1091"]
[BlackElo "1032"]
[PlyCount "72"]
[EventDate "2010.??.??"]

1. e4 e5 2. Nf3 Nc6 3. Bc4 Bc5 4. Nc3 d6 5. d3 h6 6. h3 Be6 7. Bb3 Nf6 8. Be3
Bb6 9. a3 Bxb3 10. cxb3 Nd4 11. Nxd4 exd4 12. Nd5 dxe3 13. Nxb6 axb6 14. fxe3
O-O 15. d4 Nxe4 16. Qg4 Qe7 17. b4 Nf6 18. Qg3 Rfe8 19. O-O Qxe3+ 20. Qxe3 Rxe3
21. Rac1 c6 22. Rf3 Rxf3 23. gxf3 Re8 24. b3 Nd5 25. Rc4 Re3 26. a4 Rxb3 27. a5
Rxb4 28. Rxb4 Nxb4 29. axb6 c5 30. dxc5 dxc5 31. Kf2 Kf8 32. Ke3 Ke7 33. Ke4
Kd6 34. Ke3 Kd5 35. Kf4 c4 36. Kg4 c3 0-1

[Event "NK-E Algemeen 2010"]
[Site "?"]
[Date "2010.04.02"]
[Round "4.11"]
[White "Nies, Levi"]
[Black "Knijff, Gerhard van der"]
[Result "0-1"]
[WhiteElo "1010"]
[BlackElo "1170"]
[PlyCount "88"]
[EventDate "2010.??.??"]

1. d4 d5 2. c4 Nf6 3. cxd5 Nxd5 4. e4 Nf6 5. Nc3 Nc6 6. Nf3 Bg4 7. d5 Ne5 8.
Be2 Qd6 9. Nxe5 Bxe2 10. Qxe2 Qxe5 11. O-O O-O-O 12. f4 Qd6 13. e5 Qb6+ 14. Be3
Qa5 15. exf6 exf6 16. Qg4+ Kb8 17. Rad1 Bb4 18. Qxg7 Rhg8 19. Qxf7 Rge8 20. Bd4
Bxc3 21. Bxc3 Qc5+ 22. Bd4 Qc2 23. Bxf6 Rg8 24. Bg5 Rdf8 25. Qh5 Rf6 26. Rf2
Qf5 27. Re2 Rfg6 28. Qxh7 Rxg5 29. fxg5 Qxh7 30. Rde1 a6 31. Re5 Qc2 32. h3
Qxb2 33. a4 Qb4 34. a5 Qxa5 35. Rc1 c6 36. Rd1 b5 37. Ree1 cxd5 38. Rxd5 Qxe1+
39. Kh2 Qe3 40. Rf5 Rxg5 41. Rf8+ Kb7 42. Rf7+ Kb6 43. Rf3 Qe2 44. Rg3 Qe5 0-1

[Event "NK-E Algemeen 2010"]
[Site "?"]
[Date "2010.04.02"]
[Round "4.12"]
[White "Koster, Tobias"]
[Black "Korenwinder, Tom"]
[Result "0-1"]
[WhiteElo "796"]
[BlackElo "1025"]
[PlyCount "60"]
[EventDate "2010.??.??"]

1. e4 c5 2. Nf3 d6 3. Nc3 Nf6 4. d4 cxd4 5. Nxd4 g6 6. f3 Bg7 7. Bg5 O-O 8.
Bxf6 Bxf6 9. Bc4 Nc6 10. Nxc6 bxc6 11. Qd2 Bd7 12. O-O-O c5 13. Qh6 e6 14. Rxd6
Bg5+ 15. Qxg5 Qxg5+ 16. Kd1 Qxg2 17. Rf1 Rad8 18. a3 Bc8 19. Rxd8 Rxd8+ 20. Kc1
e5 21. Nd5 Be6 22. Rd1 Bxd5 23. Bxd5 Qxh2 24. Bxf7+ Kxf7 25. Rxd8 Ke7 26. Ra8
c4 27. Rxa7+ Kf6 28. b4 cxb3 29. cxb3 Qg1+ 30. Kc2 Qxa7 0-1

[Event "NK-E Algemeen 2010"]
[Site "?"]
[Date "2010.04.02"]
[Round "4.14"]
[White "Dael, Rens van"]
[Black "Roon, Sjoerd van"]
[Result "0-1"]
[WhiteElo "588"]
[BlackElo "1180"]
[PlyCount "82"]
[EventDate "2010.??.??"]

1. e4 e5 2. Nf3 Nf6 3. d3 Nc6 4. Be2 d5 5. exd5 Nxd5 6. d4 e4 7. Ne5 Bb4+ 8. c3
Ba5 9. Nxc6 bxc6 10. b4 Bb6 11. c4 Nxb4 12. Bd2 Nd3+ 13. Bxd3 exd3 14. c5 Qxd4
15. Bc3 Qxc5 16. Qxd3 Qxf2+ 17. Kd1 Bg4+ 18. Kc1 Be3+ 19. Bd2 Bxd2+ 20. Kc2 Bf5
21. Rd1 Bxd3+ 22. Kxd3 Rd8+ 23. Kc2 Bf4+ 24. Nd2 Rxd2+ 25. Rxd2 Qxd2+ 26. Kb3
O-O 27. Kc4 Qc1+ 28. Rxc1 Bxc1 29. Kc3 Re8 30. Kc2 Bf4 31. Kd3 Bxh2 32. g4 Rd8+
33. Kc4 h5 34. gxh5 f5 35. Kc5 f4 36. Kxc6 f3 37. Kb7 f2 38. Kxa7 f1=Q 39. Kb7
Qb5+ 40. Ka7 Rb8 41. h6 Qb7# 0-1

[Event "NK-E Algemeen 2010"]
[Site "?"]
[Date "2010.04.02"]
[Round "4.15"]
[White "Hoekstra, Jan"]
[Black "Hoornstra, Ischa"]
[Result "0-1"]
[WhiteElo "655"]
[BlackElo "887"]
[PlyCount "78"]
[EventDate "2010.??.??"]

1. e4 e5 2. Nf3 Nc6 3. Bb5 a6 4. Bxc6 dxc6 5. Nxe5 Qd4 6. Nd3 Qxe4+ 7. Qe2
Qxe2+ 8. Kxe2 Nf6 9. Nc3 Be7 10. Ne5 O-O 11. d4 Re8 12. Bf4 Bd6 13. Rad1 c5 14.
Ke3 cxd4+ 15. Kxd4 c5+ 16. Kc4 b5+ 17. Kd3 Bxe5 18. Bxe5 Rxe5 19. Rhe1 Bf5+ 20.
Kd2 Rd8+ 21. Kc1 Rxd1+ 22. Rxd1 b4 23. Rd8+ Ne8 24. Nd1 c4 25. Ra8 a5 26. a3 b3
27. cxb3 cxb3 28. Ne3 h6 29. Nxf5 Rxf5 30. Rxe8+ Kh7 31. Ra8 g5 32. Ra7 h5 33.
Rb7 a4 34. Rb4 Rxf2 35. Rxa4 Rxg2 36. Ra5 Rxh2 37. Rxg5 Rc2+ 38. Kb1 Rh2 39. a4
Rh1+ 0-1

[Event "NK-E Algemeen 2010"]
[Site "?"]
[Date "2010.04.02"]
[Round "4.16"]
[White "Mensing, Andrew"]
[Black "Scheerhoorn, Joep"]
[Result "1/2-1/2"]
[WhiteElo "724"]
[BlackElo "850"]
[PlyCount "125"]
[EventDate "2010.??.??"]

1. e4 e5 2. Nf3 Nc6 3. Nc3 Bc5 4. Bb5 d6 5. Bxc6+ bxc6 6. O-O Nf6 7. d4 exd4 8.
Nxd4 h6 9. Nxc6 Qd7 10. Nd4 O-O 11. Bf4 Bxd4 12. Qxd4 Qg4 13. e5 dxe5 14. Bxe5
Qg6 15. Bxf6 Qxf6 16. Qxf6 gxf6 17. Nd5 Kh8 18. Nxf6 Rd8 19. Rad1 Rf8 20. Nd5
c6 21. Ne7 Bb7 22. Rd4 c5 23. Rc4 Rfe8 24. Nf5 Rec8 25. Nd6 Rc6 26. Nxb7 Re8
27. Rxc5 Rb6 28. Na5 Rxb2 29. g3 Rxa2 30. Nb3 Rb2 31. Rc6 Kh7 32. Rc1 Rb8 33.
Ra6 Rb7 34. Nc5 R7b5 35. Nd3 Rb1 36. Rxb1 Rxb1+ 37. Kg2 Rb7 38. h4 Kg7 39. h5
f6 40. Nf4 Rb2 41. Rxa7+ Kg8 42. Nd5 f5 43. Nf6+ Kf8 44. c4 Rc2 45. c5 f4 46.
gxf4 Rxf2+ 47. Kg3 Rf3+ 48. Kg4 Rxf4+ 49. Kh3 Rxf6 50. Ra1 Rf5 51. Rc1 Rxh5+
52. Kg4 Rg5+ 53. Kh4 Ke7 54. c6 Kd8 55. c7+ Kc8 56. Rc6 Rg7 57. Rxh6 Rxc7 58.
Kg5 Kb7 59. Kf5 Rc6 60. Rh7+ Kb6 61. Rh1 Rc5+ 62. Ke4 Rc4+ 63. Kd5 1/2-1/2

[Event "NK-E Algemeen 2010"]
[Site "?"]
[Date "2010.04.02"]
[Round "4.19"]
[White "Kuiken, Jelle van"]
[Black "Schuttevaer, Tim"]
[Result "0-1"]
[WhiteElo "745"]
[BlackElo "936"]
[PlyCount "86"]
[EventDate "2010.??.??"]

1. e4 e5 2. Nf3 Nc6 3. Bb5 Bc5 4. Bxc6 dxc6 5. Nxe5 Qd4 6. Nf3 Qxe4+ 7. Qe2
Qxe2+ 8. Kxe2 Bg4 9. Re1 O-O-O 10. Kf1 Nf6 11. Ne5 Be6 12. f4 Nd7 13. f5 Bd5
14. c4 Nxe5 15. cxd5 Rxd5 16. Nc3 Nd3 17. Nxd5 Nxe1 18. Ne7+ Bxe7 19. Kxe1 Re8
20. d4 Bf6+ 21. Kf2 Bxd4+ 22. Kf3 g6 23. fxg6 fxg6 24. Bf4 Rf8 25. Re1 g5 26.
Ke4 Re8+ 27. Kxd4 Rxe1 28. Bxg5 Re2 29. g4 Rxb2 30. h4 Rb4+ 31. Ke5 Rxg4 32.
Kf5 Rxg5+ 33. Kxg5 c5 34. h5 c4 35. Kh6 c3 36. Kxh7 c2 37. h6 c1=Q 38. Kg7 Qg5+
39. Kh7 Kd7 40. Kh8 Qxh6+ 41. Kg8 Ke6 42. a3 Kf6 43. a4 Qg7# 0-1

[Event "NK-E Algemeen 2010"]
[Site "?"]
[Date "2010.04.02"]
[Round "4.20"]
[White "Sealy, Alec"]
[Black "Makkus, Stijn"]
[Result "1-0"]
[WhiteElo "621"]
[BlackElo "851"]
[PlyCount "45"]
[EventDate "2010.??.??"]

1. e4 e5 2. Nf3 Nf6 3. d4 exd4 4. Nxd4 Qe7 5. f3 d5 6. Nc3 dxe4 7. fxe4 Nxe4 8.
Nxe4 Qxe4+ 9. Qe2 Qe7 10. Qxe7+ Bxe7 11. Bc4 O-O 12. O-O Bc5 13. Be3 Re8 14.
Bxf7+ Kh8 15. Bxe8 Bd7 16. Ne6 Bxe6 17. Bxc5 h5 18. Rae1 Bc4 19. Rf8+ Kh7 20.
Re5 g6 21. Re7+ Kh6 22. Be3+ g5 23. Rf6# 1-0

[Event "NK-E Algemeen 2010"]
[Site "?"]
[Date "2010.04.02"]
[Round "4.21"]
[White "Janssen, Aron"]
[Black "Reddy, Quinten"]
[Result "1/2-1/2"]
[WhiteElo "991"]
[BlackElo "546"]
[PlyCount "40"]
[EventDate "2010.??.??"]

1. e4 e5 2. Nf3 Nf6 3. Nxe5 d6 4. Nf3 Qe7 5. Qe2 Bg4 6. Nc3 Nc6 7. d3 g6 8. Bg5
Bxf3 9. Qxf3 Bg7 10. Rd1 Nd4 11. Qf4 Nxc2+ 12. Kd2 Nd4 13. Nd5 Nxd5 14. exd5
Qd7 15. Bf6 Nf5 16. Re1+ Kf8 17. Bxg7+ Nxg7 18. Qf6 Re8 19. Be2 Qe7 20. Qxe7+
Rxe7 1/2-1/2

[Event "NK-E Algemeen 2010"]
[Site "?"]
[Date "2010.04.02"]
[Round "4.22"]
[White "Leeuwen, Louis van"]
[Black "Nimwegen, Martijn van"]
[Result "0-1"]
[WhiteElo "653"]
[BlackElo "829"]
[PlyCount "88"]
[EventDate "2010.??.??"]

1. e4 e5 2. Nf3 Nc6 3. Nc3 Nf6 4. Bc4 Bc5 5. O-O O-O 6. Re1 d6 7. d3 Bg4 8. h3
Bxf3 9. Qxf3 Nd4 10. Qd1 h6 11. Nd5 Nxd5 12. Bxd5 c6 13. Bc4 b5 14. b4 Bxb4 15.
Bd2 Bxd2 16. Qxd2 bxc4 17. dxc4 Qg5 18. Qxg5 hxg5 19. Red1 Nxc2 20. Rac1 Nd4
21. Kf1 f5 22. exf5 Nxf5 23. g4 Ne3+ 24. Ke2 Nxd1 25. Rxd1 Rac8 26. Rxd6 e4 27.
Ke3 Rf3+ 28. Kxe4 Rxh3 29. Rg6 Re8+ 30. Kf5 Re2 31. Rd6 Rxf2+ 32. Kg6 Rf6+ 33.
Rxf6 gxf6 34. Kxf6 Rc3 35. Kxg5 Rxc4 36. Kh5 Rd4 37. g5 Rd7 38. Kh6 c5 39. g6
c4 40. a4 c3 41. g7 c2 42. a5 c1=Q+ 43. Kh5 Rxg7 44. a6 Qh1# 0-1

[Event "NK-E Algemeen 2010"]
[Site "?"]
[Date "2010.04.02"]
[Round "5.1"]
[White "Kazarian, Anna Maja"]
[Black "Dijkhuis, Sven"]
[Result "1-0"]
[WhiteElo "1540"]
[BlackElo "1426"]
[PlyCount "63"]
[EventDate "2010.??.??"]

1. e4 d5 2. exd5 Qxd5 3. Nc3 Qa5 4. Nf3 Nf6 5. d4 Bf5 6. Bd2 c6 7. Bc4 e6 8. h3
Nbd7 9. Nd5 Qd8 10. Nxf6+ Nxf6 11. Bf4 Be7 12. Qd2 O-O 13. Bd3 Bxd3 14. Qxd3
Qb6 15. O-O-O a5 16. Qb3 Qa6 17. Qd3 b5 18. g4 a4 19. a3 Qb6 20. Bd2 b4 21.
Bxb4 Bxb4 22. axb4 Qxb4 23. Qa3 Qb7 24. Ne5 Rfd8 25. f4 Nd5 26. f5 exf5 27.
gxf5 Rdb8 28. Rhg1 Nc7 29. Rxg7+ Kxg7 30. Rg1+ Kf6 31. Qd6+ Ne6 32. Nd7+ 1-0

[Event "NK-E Algemeen 2010"]
[Site "?"]
[Date "2010.04.02"]
[Round "5.2"]
[White "Baselmans, Luuk"]
[Black "Slomczewski, Michal"]
[Result "0-1"]
[WhiteElo "1329"]
[BlackElo "1404"]
[PlyCount "138"]
[EventDate "2010.??.??"]

1. e4 d5 2. exd5 Qxd5 3. Nc3 Qa5 4. Nf3 Nf6 5. Bc4 e6 6. O-O c6 7. d3 Qd8 8.
Bg5 Be7 9. Qd2 h6 10. Bh4 Nbd7 11. Rae1 b5 12. Bb3 a5 13. a3 Bb7 14. Ne5 O-O
15. Nxd7 Nxd7 16. Bxe7 Qxe7 17. Qf4 e5 18. d4 Qxa3 19. bxa3 exf4 20. Re4 g5 21.
d5 Nc5 22. Re5 Nxb3 23. cxb3 Rfe8 24. Rxe8+ Rxe8 25. dxc6 Bxc6 26. h3 Rd8 27.
Rd1 Rxd1+ 28. Nxd1 Bd5 29. b4 a4 30. Nc3 Bc4 31. f3 Kg7 32. Kf2 f5 33. g3 Kf6
34. Ke1 fxg3 35. Nd1 f4 36. Nf2 gxf2+ 37. Kxf2 Ke5 38. h4 Kd4 39. h5 Bf7 40.
Kg2 Bxh5 41. Kf2 Kc3 42. Ke2 Kb3 43. Kf2 Kxa3 44. Ke2 Kxb4 45. Kf2 Bxf3 46.
Kxf3 a3 47. Kf2 a2 48. Kf3 a1=Q 49. Kf2 Kc5 50. Kf3 b4 51. Kg4 b3 52. Kf3 b2
53. Kf2 b1=Q 54. Kg2 h5 55. Kf2 Qa7 56. Kg2 Qbb6 57. Kh2 g4 58. Kg2 h4 59. Kf2
f3 60. Kf1 g3 61. Ke1 h3 62. Kd2 f2 63. Ke2 h2 64. Kd2 f1=Q 65. Kc2 h1=Q 66.
Kd2 g2 67. Kc2 g1=Q 68. Kd2 Qd1+ 69. Kc3 Qh8# 0-1

[Event "NK-E Algemeen 2010"]
[Site "?"]
[Date "2010.04.02"]
[Round "5.3"]
[White "Bhattacharjee, Sourav"]
[Black "Kuiper, Adrian"]
[Result "1-0"]
[WhiteElo "1562"]
[BlackElo "1203"]
[PlyCount "119"]
[EventDate "2010.??.??"]

1. e4 c5 2. Nf3 Nc6 3. d4 cxd4 4. Nxd4 d6 5. Nc3 e5 6. Nb3 Nf6 7. Bg5 Be7 8.
Bd3 b6 9. Bb5 Bb7 10. O-O O-O 11. Re1 a6 12. Bd3 Qc7 13. Bxf6 Bxf6 14. Nd5 Qd8
15. Qf3 Bg5 16. Qg3 Bf6 17. Re3 Be7 18. Rf3 Nd4 19. Nxd4 exd4 20. h3 Bxd5 21.
exd5 Bf6 22. Qg4 Be5 23. Qh5 g6 24. Qg4 Bg7 25. Rg3 Re8 26. f4 Qf6 27. f5 b5
28. Rf1 Qe5 29. fxg6 fxg6 30. Rgf3 Rf8 31. Qe6+ Qxe6 32. dxe6 Rxf3 33. Rxf3 Re8
34. Be4 d3 35. Rxd3 Be5 36. c3 Kg7 37. Bd5 h6 38. Rf3 Re7 39. Rf7+ Rxf7 40.
exf7 b4 41. cxb4 Bxb2 42. Bb7 Kxf7 43. Bxa6 Ke7 44. a4 Kd7 45. Bd3 g5 46. b5
Kc7 47. a5 Bc1 48. Kf2 h5 49. g3 h4 50. gxh4 gxh4 51. Kf3 Bg5 52. b6+ Kc6 53.
Be4+ d5 54. Bf5 Kb7 55. Be6 Kc6 56. Bc8 Be7 57. b7 Bd6 58. a6 Kb6 59. Ke3 Kxa6
60. b8=Q+ 1-0

[Event "NK-E Algemeen 2010"]
[Site "?"]
[Date "2010.04.02"]
[Round "5.4"]
[White "Beukema, Jasper"]
[Black "Kevlishvili, Robby"]
[Result "0-1"]
[WhiteElo "1315"]
[BlackElo "1559"]
[PlyCount "88"]
[EventDate "2010.??.??"]

1. e4 c5 2. Nf3 Nc6 3. d4 cxd4 4. Nxd4 Nf6 5. Nc3 e6 6. Ndb5 d6 7. Bg5 a6 8.
Nd4 Be7 9. Be2 h6 10. Bh4 O-O 11. O-O Qc7 12. Bf3 Bd7 13. Qd3 Rac8 14. Bg3 b5
15. Rfe1 b4 16. Nd1 e5 17. Nf5 Bxf5 18. exf5 Nd4 19. c3 bxc3 20. Nxc3 a5 21.
Nd5 Nxd5 22. Bxd5 Qb6 23. b3 Nc2 24. Rad1 Nxe1 25. Rxe1 Qb4 26. Kf1 Bg5 27. h4
Bxh4 28. Re4 Rc1+ 29. Ke2 Re1+ 30. Kf3 Rxe4 31. Bxe4 Bxg3 32. Kxg3 Rd8 33. a4
d5 34. Bxd5 Qd6 35. Bxf7+ Kxf7 36. Qc4+ Qd5 37. Qc7+ Rd7 38. Qb6 e4 39. Qg6+
Kf8 40. f6 Qe5+ 41. Kh3 gxf6 42. Qxh6+ Rg7 43. Qh8+ Kf7 44. Qh5+ Qxh5# 0-1

[Event "NK-E Algemeen 2010"]
[Site "?"]
[Date "2010.04.02"]
[Round "5.5"]
[White "Seyed Mehdi, Dominick"]
[Black "Harten, Lucas van"]
[Result "0-1"]
[WhiteElo "1032"]
[BlackElo "1068"]
[PlyCount "72"]
[EventDate "2010.??.??"]

1. e4 c5 2. Nf3 d6 3. d4 cxd4 4. Nxd4 Nf6 5. Nc3 Nc6 6. Nxc6 bxc6 7. Be3 Bg4 8.
f3 Bh5 9. Bd3 e6 10. O-O Be7 11. Qe2 O-O 12. Bf4 h6 13. e5 dxe5 14. Bxe5 Bd6
15. Bxd6 Qxd6 16. Be4 Qd4+ 17. Qf2 Qxf2+ 18. Rxf2 Nxe4 19. Nxe4 Rad8 20. Rff1
f5 21. Ng3 Bg6 22. Ne2 Rd2 23. Nf4 Kh7 24. Nxe6 Re8 25. Nc7 Ree2 26. Rf2 Rxf2
27. Ne6 Rxg2+ 28. Kf1 Rdf2+ 29. Ke1 Re2+ 30. Kd1 Rxe6 31. b3 f4 32. Kc1 Rxc2+
33. Kd1 Bd3 34. a4 Ree2 35. h4 Rh2 36. Ke1 Rh1# 0-1

[Event "NK-E Algemeen 2010"]
[Site "?"]
[Date "2010.04.02"]
[Round "5.6"]
[White "Knijff, Gerhard van der"]
[Black "Bosma, Jan"]
[Result "1/2-1/2"]
[WhiteElo "1170"]
[BlackElo "1051"]
[PlyCount "99"]
[EventDate "2010.??.??"]

1. e4 c5 2. Nf3 Nc6 3. Bc4 d6 4. Nc3 Nf6 5. d3 Bg4 6. h3 Bh5 7. Be3 e6 8. Qe2
Be7 9. O-O-O Nd4 10. Bxd4 cxd4 11. Nb5 a6 12. Nbxd4 b5 13. Bb3 e5 14. Nf5 a5
15. Nxg7+ Kf8 16. Nxh5 Nxh5 17. Nxe5 Nf6 18. Ng4 Qe8 19. d4 a4 20. Bd5 Nxd5 21.
exd5 Bg5+ 22. Ne3 Bxe3+ 23. fxe3 Rc8 24. Rhf1 Qd7 25. Qd3 Qc7 26. a3 Rg8 27. g4
Rg5 28. Qxh7 Rg6 29. Kb1 Qxc2+ 30. Ka1 Rg7 31. Qxc2 Rxc2 32. Rh1 Rg5 33. e4 Re2
34. e5 dxe5 35. dxe5 Rexe5 36. d6 Rd5 37. d7 Ke7 38. d8=Q+ Kxd8 39. Rxd5+ Rxd5
40. h4 f6 41. h5 Rd7 42. h6 Rh7 43. Rd1+ Ke7 44. Rg1 Rxh6 45. g5 fxg5 46. Rxg5
Rb6 47. Kb1 b4 48. axb4 Rxb4 49. Ka2 Kf6 50. Ra5 1/2-1/2

[Event "NK-E Algemeen 2010"]
[Site "?"]
[Date "2010.04.02"]
[Round "5.7"]
[White "Bekkink, Joey"]
[Black "Schalij, Ties"]
[Result "1-0"]
[WhiteElo "1144"]
[BlackElo "1240"]
[PlyCount "55"]
[EventDate "2010.??.??"]

1. e4 e5 2. Nf3 Nc6 3. Bc4 Nf6 4. d3 Bc5 5. c3 d6 6. b4 Bb6 7. a4 a5 8. b5 h6
9. bxc6 bxc6 10. O-O Bg4 11. h3 Bh5 12. Nbd2 O-O 13. Qc2 Rb8 14. d4 d5 15. Nxe5
Qd6 16. Bb3 dxe4 17. Ba3 Qd8 18. Bxf8 Qxf8 19. Nxe4 Nxe4 20. Qxe4 Qe8 21. Qh4
Bg6 22. Nxg6 Bxd4 23. cxd4 Rxb3 24. Ne7+ Kf8 25. Rfe1 Qd7 26. Rab1 Rxb1 27.
Rxb1 Qxe7 28. Rb8+ 1-0

[Event "NK-E Algemeen 2010"]
[Site "?"]
[Date "2010.04.02"]
[Round "5.8"]
[White "Korenwinder, Tom"]
[Black "Wolvers, Stephan"]
[Result "1-0"]
[WhiteElo "1025"]
[BlackElo "1024"]
[PlyCount "111"]
[EventDate "2010.??.??"]

1. d4 d5 2. c4 c6 3. Nf3 Nf6 4. Nc3 Bg4 5. h3 Bh5 6. Bg5 e6 7. e4 dxe4 8. Nxe4
Bb4+ 9. Bd2 Bxd2+ 10. Nexd2 O-O 11. Be2 Nbd7 12. O-O c5 13. Qc2 cxd4 14. Bd1
Bg6 15. Qb3 Nb6 16. Ne5 Be4 17. Re1 Bc6 18. Nxc6 bxc6 19. Bf3 Qd7 20. Qd3 Rab8
21. Nb3 Na4 22. Rab1 Rfe8 23. Qxd4 Qxd4 24. Nxd4 Rec8 25. Nxc6 Rxb2 26. Rxb2
Nxb2 27. Ne7+ Kf8 28. Nxc8 Nxc4 29. Nxa7 h6 30. a4 Na5 31. Nc6 Nb7 32. a5 Nc5
33. Rc1 Na6 34. Nb8 Nxb8 35. Rc8+ Ke7 36. Rxb8 Nd7 37. Rb7 Kd8 38. a6 Nc5 39.
a7 Nxb7 40. Bxb7 Ke7 41. a8=Q Kf6 42. Qd8+ Kg6 43. Be4+ f5 44. Bf3 e5 45. h4 e4
46. h5+ Kh7 47. Be2 f4 48. Bg4 g6 49. hxg6+ Kxg6 50. Qg8+ Kf6 51. Qe6+ Kg7 52.
Bh5 e3 53. Qf7+ Kh8 54. Bg6 exf2+ 55. Kxf2 f3 56. Qh7# 1-0